QUALITY CONTROL (Record no. 343993)

000 -LEADER
fixed length control field 00426 a2200169 4500
003 - CONTROL NUMBER IDENTIFIER
control field OSt
005 - DATE AND TIME OF LATEST TRANSACTION
control field 20180116182659.0
008 - FIXED-LENGTH DATA ELEMENTS--GENERAL INFORMATION
fixed length control field 160822b xxu||||| |||| 00| 0 eng d
040 ## - CATALOGING SOURCE
Transcribing agency 0
082 ## - DEWEY DECIMAL CLASSIFICATION NUMBER
Classification number 658.562 MUS 996
100 ## - MAIN ENTRY--PERSONAL NAME
Personal name Kamran Musa
245 ## - TITLE STATEMENT
Title QUALITY CONTROL
Statement of responsibility, etc. Kamran Musa
260 ## - PUBLICATION, DISTRIBUTION, ETC.
Place of publication, distribution, etc. Lahore
Name of publisher, distributor, etc. Feroz Sons Ltd.
Date of publication, distribution, etc. 1996
300 ## - PHYSICAL DESCRIPTION
Extent 155 p.
Other physical details PB
440 ## - SERIES STATEMENT/ADDED ENTRY--TITLE
Title QUALITY CONTROL
942 ## - ADDED ENTRY ELEMENTS (KOHA)
Institution code [OBSOLETE] NBS
Koha item type Book
Call number prefix 658.562 MUS
Source of classification or shelving scheme
Holdings
Withdrawn status Lost status Source of classification or shelving scheme Damaged status Not for loan Permanent Location Current Location Date acquired Total Checkouts Full call number Barcode Date last seen Price effective from Koha item type Public note
  Write Off       Central Library (CL) Central Library (CL) 08/28/2013   658.562 MUS 1996 NBS3601 08/22/2016 08/28/2013 Book No. 0908/NBS/IRC Dated: 12 June, 2012
          Central Library (CL) Central Library (CL) 08/28/2013   658.562 MUS 1996 NBS1919 08/28/2013 08/28/2013 Book  
          Central Library (CL) Central Library (CL) 08/28/2013   658.562 MUS 1996 NBS1918 08/28/2013 08/28/2013 Book  
© 2023 Central Library, National University of Sciences and Technology. All Rights Reserved.